<?xml version="1.0" encoding="UTF-8"?>
<collection xmlns="http://www.loc.gov/MARC21/slim">
 <record>
  <leader>01852nam a22002417a 4500</leader>
  <controlfield tag="001">NCT_28795</controlfield>
  <controlfield tag="008">180412b        xxu||||| |||| 00| 0 vie d</controlfield>
  <datafield tag="999" ind1=" " ind2=" ">
   <subfield code="c">1383</subfield>
   <subfield code="d">1383</subfield>
  </datafield>
  <datafield tag="020" ind1=" " ind2=" ">
   <subfield code="a">9786046629924</subfield>
   <subfield code="c">280000</subfield>
  </datafield>
  <datafield tag="082" ind1="0" ind2="4">
   <subfield code="2">23rd ed.</subfield>
   <subfield code="a">615.7</subfield>
   <subfield code="b">Đ104</subfield>
  </datafield>
  <datafield tag="100" ind1="1" ind2=" ">
   <subfield code="a">Đỗ Trung Đàm</subfield>
  </datafield>
  <datafield tag="245" ind1="1" ind2="0">
   <subfield code="a">Thuốc giảm đau chống viêm và các phương pháp nghiên cứu tác dụng dược lý</subfield>
   <subfield code="c">Đỗ Trung Đàm</subfield>
  </datafield>
  <datafield tag="260" ind1=" " ind2=" ">
   <subfield code="a">H.</subfield>
   <subfield code="b">Y học</subfield>
   <subfield code="c">2017</subfield>
  </datafield>
  <datafield tag="300" ind1=" " ind2=" ">
   <subfield code="a">687 tr.</subfield>
   <subfield code="b">Minh học</subfield>
   <subfield code="c">27cm</subfield>
  </datafield>
  <datafield tag="520" ind1="3" ind2=" ">
   <subfield code="a">Sách cũng giới thiệu một cách hệ thống các thuốc giảm đau - chống viêm, đặc biệt là tác dụng dược lý, cơ chế tác dụng, dược động học và độc tính, mong cung cấp cho các bác sĩ điều trị và những người dùng thuốc các thông tin cần thiết để sử dụng thuốc được an toàn hợp lý</subfield>
  </datafield>
  <datafield tag="653" ind1=" " ind2=" ">
   <subfield code="a">Dược học</subfield>
  </datafield>
  <datafield tag="942" ind1=" " ind2=" ">
   <subfield code="2">ddc</subfield>
   <subfield code="c">BK</subfield>
  </datafield>
  <datafield tag="952" ind1=" " ind2=" ">
   <subfield code="0">0</subfield>
   <subfield code="1">0</subfield>
   <subfield code="2">ddc</subfield>
   <subfield code="4">0</subfield>
   <subfield code="6">615_700000000000000_Đ104</subfield>
   <subfield code="7">0</subfield>
   <subfield code="9">6806</subfield>
   <subfield code="a">000001</subfield>
   <subfield code="b">000001</subfield>
   <subfield code="d">2018-04-12</subfield>
   <subfield code="o">615.7 Đ104</subfield>
   <subfield code="p">MD.11928</subfield>
   <subfield code="r">2018-04-12</subfield>
   <subfield code="v">280000.00</subfield>
   <subfield code="w">2018-04-12</subfield>
   <subfield code="y">BK</subfield>
  </datafield>
  <datafield tag="952" ind1=" " ind2=" ">
   <subfield code="0">0</subfield>
   <subfield code="1">0</subfield>
   <subfield code="2">ddc</subfield>
   <subfield code="4">0</subfield>
   <subfield code="6">615_700000000000000_Đ104</subfield>
   <subfield code="7">0</subfield>
   <subfield code="9">6807</subfield>
   <subfield code="a">000001</subfield>
   <subfield code="b">000001</subfield>
   <subfield code="d">2018-04-12</subfield>
   <subfield code="o">615.7 Đ104</subfield>
   <subfield code="p">MD.11929</subfield>
   <subfield code="r">2018-04-12</subfield>
   <subfield code="v">280000.00</subfield>
   <subfield code="w">2018-04-12</subfield>
   <subfield code="y">BK</subfield>
  </datafield>
  <datafield tag="952" ind1=" " ind2=" ">
   <subfield code="0">0</subfield>
   <subfield code="1">0</subfield>
   <subfield code="2">ddc</subfield>
   <subfield code="4">0</subfield>
   <subfield code="6">615_700000000000000_Đ104</subfield>
   <subfield code="7">0</subfield>
   <subfield code="9">6808</subfield>
   <subfield code="a">000001</subfield>
   <subfield code="b">000001</subfield>
   <subfield code="d">2018-04-12</subfield>
   <subfield code="o">615.7 Đ104</subfield>
   <subfield code="p">MD.11930</subfield>
   <subfield code="r">2018-04-12</subfield>
   <subfield code="v">280000.00</subfield>
   <subfield code="w">2018-04-12</subfield>
   <subfield code="y">BK</subfield>
  </datafield>
  <datafield tag="952" ind1=" " ind2=" ">
   <subfield code="0">0</subfield>
   <subfield code="1">0</subfield>
   <subfield code="2">ddc</subfield>
   <subfield code="4">0</subfield>
   <subfield code="6">615_700000000000000_Đ104</subfield>
   <subfield code="7">0</subfield>
   <subfield code="9">6809</subfield>
   <subfield code="a">000001</subfield>
   <subfield code="b">000001</subfield>
   <subfield code="d">2018-04-12</subfield>
   <subfield code="l">1</subfield>
   <subfield code="o">615.7 Đ104</subfield>
   <subfield code="p">MD.11931</subfield>
   <subfield code="r">2018-11-19</subfield>
   <subfield code="s">2018-11-19</subfield>
   <subfield code="v">280000.00</subfield>
   <subfield code="w">2018-04-12</subfield>
   <subfield code="y">BK</subfield>
  </datafield>
  <datafield tag="952" ind1=" " ind2=" ">
   <subfield code="0">0</subfield>
   <subfield code="1">0</subfield>
   <subfield code="2">ddc</subfield>
   <subfield code="4">0</subfield>
   <subfield code="6">615_700000000000000_Đ104</subfield>
   <subfield code="7">0</subfield>
   <subfield code="9">6810</subfield>
   <subfield code="a">000001</subfield>
   <subfield code="b">000001</subfield>
   <subfield code="d">2018-04-12</subfield>
   <subfield code="o">615.7 Đ104</subfield>
   <subfield code="p">MD.11932</subfield>
   <subfield code="r">2018-04-12</subfield>
   <subfield code="v">280000.00</subfield>
   <subfield code="w">2018-04-12</subfield>
   <subfield code="y">BK</subfield>
  </datafield>
  <datafield tag="980" ind1=" " ind2=" ">
   <subfield code="a">Thư viện Trường Đại học Nam Cần Thơ</subfield>
  </datafield>
 </record>
</collection>
